000 00290 a2200121 4500
999 _c321797
_d321797
001 86724
003 NUST
005 20180123111403.0
008 180123b xxu||||| |||| 00| 0 eng d
082 _a923.2 KUL
100 _aKulsoom Saifullah Khan
_99584
245 _aMeri Tanha Perwaz
_hUrdu
260 _aIslamabad
_bAli Publishing
_c2011
300 _a372p.
942 _aCAE NUST
_cBK
_k923.2 KUL
_2ddc